Impossible Quiz - Statistics

General Stats
  • This quiz has been taken 29 times
  • The average score is 4 of 10
Answer Stats
Hint Answer % Correct
eno enin neves owt :ti teg uoy yaw on s'erehT What!
75%
This one will get you: MMMMMCCLIII Hey, you aren't using Google right?
65%
Try this on for size: 25*61-12 Round of applause to your calculator.
65%
8261 How did you do that!
55%
Go ahead, try to answer this: November 18th, 1847 Clever.
50%
I bet you can't figure out this one: Nove Tre 일 to Dang it!
35%
Even Caesar wouldn't be able to figure this one out: uisff ojof uxp pof How?!
25%
yoU Really think you can prevaiL? There's no way!
25%
Your final test: (4,2)(7,3)(9,1)(1,1) Well done.
15%
No answer for you. Looks like you are just going to fail. 2762
10%
No matching quizzes found
Score Distribution
Percent of People with Each Score
Percentile by Number Answered
Your Score History
You have not taken this quiz